000 00328nam a2200097Ia 4500
008 220216s9999 xx 000 0 und d
100 _aMydin K K
245 0 _aGenetic improvement of rubber in India: Acheivements and current priorities
260 _bFirst Kerala Womens Science Congress, 10-12 August 2010, Ernakulam
942 _cBS
999 _c53128
_d53128